| 000 | 01424nab a2200241 i 4500 | ||
|---|---|---|---|
| 001 | 768714001 | ||
| 003 | CO-MdFUSB | ||
| 005 | 20240626085004.0 | ||
| 008 | 240626t1994 us ||||| |||| 00| 0 eng d | ||
| 040 |
_bspa _cCO-MdFUSB _dCO-MdFUSB |
||
| 041 | _aeng | ||
| 100 | _eautor | ||
| 245 | 3 |
_aThe trinity and christian witness to muslims _c/ Jason J. Yoder |
|
| 520 | _aCuando los primeros cristianos experimentaron la voluntad sustentadora, el amor salvador y la presencia permanente del único Dios, fueron llevados a concebir a Dios como una unidad triple. Varios acontecimientos históricos han contribuido a una persistente incomprensión de la Trinidad por parte de los musulmanes. Siguiendo el patrón del desarrollo de la doctrina en la iglesia primitiva, el cristiano debe invitar al musulmán a experimentar personalmente al único Dios que sostiene, salva y permanece. Tal invitación será reconocida en la medida en que la vida del testigo encarne las verdades y cualidades que representa la Trinidad. | ||
| 546 | _aTexto en inglés. | ||
| 650 | 7 |
_aTrinidad _9177 |
|
| 650 | 7 |
_aDios _9178 |
|
| 650 | 7 |
_aTeología dogmática _96937 |
|
| 650 | 0 |
_aCristianismo y otras religiones _xIslamismo. _95345 |
|
| 773 | 0 |
_049486 _961123 _d Pasadena _oR0891 _tMissiology: _w(CO-MdFUSB)97 _gVolumen 22, (número 3, 1994) páginas: 339 - 346 _qpágina: 339 |
|
| 942 | _cCR | ||
| 945 | _aCatherine Arias Álvarez - Practicante SENA | ||
| 999 |
_c70347 _d70347 |
||